000 01676 a2200253 4500
001 21241
005 20260407155503.0
008 260407a2012 arg spa d
003 AR-UNSa-BCEJYS
040 _aAR-UNSa-BCEJYS
_bspa
_cAR-UNSa-BCEJYS
080 _a658.011.56
_xAutomatización
245 1 0 _aSistemas de información gerencial
020 _a978-607-32-0949-6
250 _a12a. ed.
264 1 _aMéxico :
_bPearson Educación
_c2012
300 _axxix, 557 p.
_c27 cm.
505 _a1. Los sistemas de información en los negocios globales contemporáneos - 2. Comercio electrónico global y colaboración - 3. Sistemas de información, organizaciones y estrategia - 4. Aspectos éticos y sociales en los sistemas de información - 5. Infraestructura de TI y tecnologías emergentes - 6. Fundamentos de inteligencia de negocios: bases de datos y administración de la información - 7. Telecomunicaciones, internet y tecnología inalámbrica - 8. Seguridad en los sistemas de información - 9. Obtención de la excelencia operacional e intimidad con el cliente: aplicaciones empresariales - 10. Comercio electrónico: mercados digitales, productos digitales - 11. Administración del conocimiento - 12. Mejora en la toma de decisiones - 13. Creación de sistemas de información - 14. Administración de proyectos - 15. Managing Global Systems (Administración de sistemas globales)
041 _aspa
942 _cBK
590 _aniveau_biblio:m niveau_hierar:0
100 1 _aLaudon, Kenneth C.
700 1 _aLaudon, Jane P.
856 4 1 _uhttps://biblioeco.unsa.edu.ar/pmb/images/libros/Sistemas de Informaci?n Gerencial.jpg
_yImagen de portada
_qimage/jpeg
999 _c790
_d790